Netherlands Antilles - Statistics

General Stats
  • This quiz has been taken 236 times
    198 since last reset
  • The average score is 5 of 6
Answer Stats
Island % Correct
Aruba
96%
Curaçao
91%
Bonaire
84%
Sint Maarten
79%
Saba
58%
Sint Eustatius
51%
No matching quizzes found
Score Distribution
Percent of People with Each Score
Percentile by Number Answered
Your Score History
You have not taken this quiz since the last reset